Návrh koncepcie šesťkolesového podvozku s kĺbo-vým rámom pre traktor s výkonom nad 180 kW (Design of Conception of Six-wheelled Suspension with Pinned Arm for Cat with Performance more than 180kW) [CD-ROM] : Diplomová práca
Uložené v:
| Hlavný autor: | |
|---|---|
| Ďalší autori: | |
| Médium: | Rukopis Kniha |
| Jazyk: | Slovak |
| Vydavateľské údaje: |
Bratislava :
STU v Bratislave SjF,
2008
|
| Vydanie: | 1.vyd. |
| Predmet: | |
| Tagy: |
Žiadne tagy, Buďte prvý, kto otaguje tento záznam!
|
MARC
| LEADER | 00000ntm a22000003a 4500 | ||
|---|---|---|---|
| 001 | stu178898 | ||
| 005 | 20150617230044.0 | ||
| 008 | 090129s2008----xo------------------slo-d | ||
| 040 | |a STU |b slo | ||
| 041 | 0 | |a slo | |
| 044 | |a xo | ||
| 100 | 1 | |a Ševčík, Matúš, |d 1984- |4 aut |u J0030 |9 100 |U SjF Strojnícka fakulta |T SjF Ústav dopravnej techniky a konštruovania |X 14378 |U J0030 |Y 806 |7 A000014378 | |
| 245 | 1 | |a Návrh koncepcie šesťkolesového podvozku s kĺbo-vým rámom pre traktor s výkonom nad 180 kW (Design of Conception of Six-wheelled Suspension with Pinned Arm for Cat with Performance more than 180kW) [CD-ROM] : |b Diplomová práca | |
| 250 | |a 1.vyd. | ||
| 260 | |a Bratislava : |b STU v Bratislave SjF, |c 2008 | ||
| 300 | |a 42 s | ||
| 650 | 7 | |a kĺbový rám |2 stusub | |
| 650 | 7 | |a podvozok |2 stusub | |
| 650 | 7 | |a pinned frame |2 estusub | |
| 650 | 7 | |a suspension |2 estusub | |
| 700 | 1 | |a Bukoveczky, Juraj, |d 1944- |4 xxx |u J0030 |U SjF Strojnícka fakulta |T SjF Ústav dopravnej techniky a konštruovania |X 2487 |U J0030 |Y 806 |7 A000002487 | |
| 700 | 1 | |a Mazurkievič, Izidor, |d 1943- |4 csl |u J0030 |U SjF Strojnícka fakulta |T SjF Ústav dopravnej techniky a konštruovania |X 3513 |U J0030 |Y 806 |7 A000003513 | |
| 996 | |b 284J035212 |c J*212/DP |l JJSK |s A |a 24 |w stu178898_0001 | ||